| 000 | 01370cam a2200325 i 4500 | ||
|---|---|---|---|
| 999 |
_c532437 _d532437 |
||
| 001 | 17610140 | ||
| 003 | nuSt | ||
| 005 | 20191120154049.0 | ||
| 008 | 130201t20132013vaua b 001 0 eng | ||
| 010 | _a 2012050225 | ||
| 020 | _a9780784412718 (pbk.) | ||
| 020 | _a0784412715 (pbk.) | ||
| 020 | _z9780784477724 (pdf) | ||
| 038 | _aMSOHAIL | ||
| 040 |
_aDLC _beng _cDLC _erda _dDLC |
||
| 042 | _apcc | ||
| 050 | 0 | 0 |
_aTD885.5.G73 _bC573 2013 |
| 082 | 0 | 0 |
_a628.532 _223 |
| 245 | 0 | 0 |
_aClimate change modeling, mitigation, and adaptation / _cedited by Rao Y. Surampalli, Tian C. Zhang, C.S.P. Ojha, B. Gurjar, R.D. Tyagi, C.M. Kao ; sponsored by Environmental Council, Environmental and Water Resources Institute (EWRI) of the American Society of Civil Engineers. |
| 300 |
_axviii, 708 pages : _billustrations ; _c22 cm |
||
| 504 | _aIncludes bibliographical references and index. | ||
| 650 | 0 |
_aGreenhouse gas mitigation. _925954 |
|
| 650 | 0 |
_aClimatic changes _xMathematical models. _925955 |
|
| 650 | 0 |
_aClimatic changes _xSocial aspects. _925956 |
|
| 700 | 1 |
_aSurampalli, Rao Y., _eeditor of compilation. _95989 |
|
| 710 | 2 |
_aEnvironmental and Water Resources Institute (U.S.) _95865 |
|
| 906 |
_a7 _bcbc _corignew _d1 _eecip _f20 _gy-gencatlg |
||
| 942 |
_2ddc _cBK |
||